La Segunda Reforma Agraria de México : (Record no. 103343)
[ view plain ]
| 000 -LEADER | |
|---|---|
| fixed length control field | 00676cam a2200193 4500 |
| 008 - FIXED-LENGTH DATA ELEMENTS--GENERAL INFORMATION | |
| fixed length control field | t19991999mx a spa |
| 020 ## - INTERNATIONAL STANDARD BOOK NUMBER | |
| International Standard Book Number | 9681654560 |
| 050 00 - LIBRARY OF CONGRESS CALL NUMBER | |
| Classification number | HD1289.M6 |
| Item number | G67 1999 |
| 100 1# - MAIN ENTRY--PERSONAL NAME | |
| Personal name | Gordillo de Anda, Gustavo |
| 245 13 - TITLE STATEMENT | |
| Title | La Segunda Reforma Agraria de México : |
| Remainder of title | Respuestas de familias y comunidades, 1990 - 1994 / |
| Statement of responsibility, etc | Gustavo Gordillo de Anda , Alain de Janury , Elisabeth Sadoulet. |
| 260 ## - PUBLICATION, DISTRIBUTION, ETC. (IMPRINT) | |
| Place of publication, distribution, etc | México : |
| Name of publisher, distributor, etc | El Colegio de México, |
| Date of publication, distribution, etc | 1999 |
| 300 ## - PHYSICAL DESCRIPTION | |
| Extent | 247 p. ; |
| Dimensions | 23 cm |
| 504 ## - BIBLIOGRAPHY, ETC. NOTE | |
| Bibliography, etc | Incluye bibliografía |
| 700 1# - ADDED ENTRY--PERSONAL NAME | |
| Personal name | Janury, Alain de, coaut. |
| 700 1# - ADDED ENTRY--PERSONAL NAME | |
| Personal name | Sadoulet, Elisabet, coaut. |
| 942 ## - ADDED ENTRY ELEMENTS (KOHA) | |
| Source of classification or shelving scheme | Biblioteca del Cogreso de los Estados Unidos |
| Koha item type | Libro |
No items available.